000 02355njm a2200433Ia 4500
001 F2140
003 IT-RoPAU
005 20220918181115.0
008 131025s9999 xx 000 0 und d
040 _aIT-RoPAU
040 _cIT-RoPAU
041 _aITALIANO
999 _c99298
_d99298
999 _bn.d.
100 _aAA.VV.
_9794
100 _eAutore musica
_932475
100 _gCodice autore musica SPICS: 12000
_9796
245 _aNessuno
250 _a1a ed.
260 _aITALIA
260 _bBMG RICORDI
_c1998 [1a Ed.:1998 - Ed. Lingua Orig.: 1998]
300 _aCOMPACT DISC
300 _c62 minuti (Testo: 0 pag.)
500 _aMusica rap. Testo della canzone "Nessuno".
505 _aIl parto (8:00) - La rinascita (6:00) - La fidanzata (4:00) - Buon sangue non mente (5:00) - Non so cos'è (4:00) - Davanti alla tv (4:00) - Nessuno (5:00) - Per Sabino (2:00) - Dall'altra parte della strada (5:00) - Venerdi (5:00) - La frase (2:00) - Vai bello (4:00) - Scacco matto (9:00) - Aria (4:00) - Come uno su mille (5:00) - Non c'è sveglia (4:00) - Come una pietra scalciata (5:00) - Il mondo dove vivo (4:00)
650 _aRAP [COMPACT DISC]
_eCodice MATERIA SPICS: 9949
_932476
700 _aArticolo 31
_gCodice interprete SPICS: 50655
_eInterprete
_932477
700 _aAleotti A.
_gCodice autore musica SPICS: 50656
_4Autore musica
_932478
700 _aPerrini V.
_gCodice autore SPICS: 50657
_eAutore
_932479
700 _aGullmar
_gCodice autore testo/musica SPICS: 22528
_eAutore testo/musica
_pLa fidanzata
_932480
700 _aArbelo Rosana
_gCodice autore SPICS: 49671
_eAutore
_pNon so cos'è
_932481
700 _aGodi G.
_godice autore testo/musica SPICS: 50658
_eAutore testo/musica
_pPer Sabino - Dall'altra parte della strada
_932482
700 _aBusnaghi E.
_gCodice autore testo/musica SPICS: 50659
_eAutore testo/musica
_pVai bello
_932483
700 _aAlexander J.
_gCodice autore musica SPICS: 24565
_eAutore musica
_pScacco matto
_932484
700 _aMogol (Rapetti Giulio)
_gCodice autore SPICS: 13643
_eAutore
_pAria
_932485
700 _aMigliacci Franco
_gCodice autore SPICS: 13653
_eAutore
_pCome uno su mille
_932486
700 _aDylan Bob
_gCodice autore musica SPICS: 7026
_eAutore musica
_pCome una pietra scalciata
_932487
700 _aMorricone Ennio
_gCodice autore SPICS: 3535
_eAutore
_pIl mondo dove vivo
_932488
942 _cCD
_2ddc